Esquema urbano de ordenamiento físico y programático de Masachapa

Describe un diagnóstico global del núcleo urbano del poblado de Masachapa y propone los lineamientos, para lograr el óptimo aprovechamiento del espacio urbano del poblado interrelacionado con todos los elementos que lo afectan. Aborda análisis de todos los aspectos que inciden en la población...

Full description

Bibliographic Details
Main Author: Alegría E., Juana Maritza
Other Authors: Tutor: Mendoza Velásquez, Francisco Antonio
Format: Tesis Section = Libro
Language:Undetermined
Spanish
Published: Managua UNI 1992
Subjects:
LEADER 01224nam a2200217Ia 4500
008 240830s9999 xx 000 0 und d
040 |a BIBLIOTECA-RUSB/ Mon 711.4 A366 
041 |a spa 
082 |a Mon 711.4 A366 
100 1 |a Alegría E., Juana Maritza 
245 1 0 |a Esquema urbano de ordenamiento físico y programático de Masachapa 
260 |a Managua  |b UNI  |c 1992 
300 |a 135 p. :il. 
502 |a Tesis (Arquitecto) - UNI, 1992. 
520 3 |a Describe un diagnóstico global del núcleo urbano del poblado de Masachapa y propone los lineamientos, para lograr el óptimo aprovechamiento del espacio urbano del poblado interrelacionado con todos los elementos que lo afectan. Aborda análisis de todos los aspectos que inciden en la población urbana y micro-regional. Presenta una estrategia de crecimiento basada en las propuestas o alternativas factibles a corto plazo. Define las acciones prioritarias que cada organismo estatal debe efectuar para dar apoyo al cumplimiento de las estrategias planeadas. 
650 7 |a CIUDADES (PLANES Y PLANIFICACION LOCALES) 
650 7 |b  ARQUITECTURA 
700 1 |a Tutor:  |b Mendoza Velásquez, Francisco Antonio 
942 |c BK  |2 ddc 
991 |a TESIS 
999 |c 20872